1767 1747 1389 1411 1884 1149 1010 1309 1764 1240 1919 1038 1464 1171 1949 1102 1587 1040 1741 1526 1941 1677 1078 1460 1924 1999 1431 1107 1455 1672 1191 1117 1623 1755 1609 1988 1956 1501 1649 1876 1661 1415 1911 1988 1801 1769 1433 1771 1043 1418 1806 1202 1069 1795 1664 1291 1544 1417 1228 1821 1063 1020 1476 1552 1316 1172 1375 1883 1077 1162 1348 1066 1159 1348 1888 1415 1759 1447 1227 1754 1969 1664 1301 1787 1225 1119 1402 1466 1669 1948 1983 1507 1800 1976 1953 1569 1657 1264 1781 BCNSPRNW ULIB Ver.6.0+V

เปลี่ยนเป็นภาษาไทย

Change to English
 แสดงรายละเอียดบรรณานุกรม
  กลับหน้าหลัก

Brief Record : Get Marc (ISO 2709) : E-mail record : QR code < ปิดหน้าต่าง
LEADER : 00000nam 2200000uu 4500
001    13399128197
003     ULIB
008    220815s2021||||th 000 0 tha d
020    ^a9781260463286
060 04 ^aW20.6^bB575R
100 1  ^aBhattacharya, Prasanta K
245 10 ^aResearch methodology in the health sciences :^ba quickreference guide /^cPrasanta K. Bhattacharya
250    ^a1st ed.
260    ^aNew York :^bMcGraw Hill,^c2021
300    ^axiii, [3], 163 p. :^bill. ;^c28 cm.
504    ^aIncludes bibliographical references and index
505 0  ^aIntroduction -- How to plan a research study -- Types ofstudies in clinical research--Part I: Observationalstudies -- Types of studies in clinical research--Part II:Interventional studies -- Approach to qualitative researchin health sciences -- Ethics in medical research --Literature review, tracking the best evidence, andliterature search -- How to write a scientific paper --Introduction to biostatistics and approach to descriptivestatistics -- Approach to statistical inference-I --Approach to statistical inference-II -- Approach tostatistical inference-III
650  0 ^aHealth sciences^sResearch
650  2 ^aBiomedical Research^xmethology
650  2 ^aResearch^xmethods
945    ^p0^l0^i009301
999    ^aประนอม เกษจรัล
รายการนี้ยังไม่มีแท็ก
คุณยังไม่ได้ล็อกอิน คุณสามารถมีกิจกรรมร่วมกับเว็บไซต์ได้ แต่ต้องล็อกอินก่อน ::
  ล็อกอิน

รายการสื่อสารสนเทศ

ลำดับที่ ประเภท เลขเรียก/บาร์โค้ด สถานที่ สถานะ
1. วิทยาศาสตร์การแพทย์ และสุขภาพ
หนังสือสำรอง
สถานะ=หนังสือสำรอง
W20.6 B575R ฉ.1 
  Barcode: 009301
ห้องสมุดวิทยาเขตสวรรค์ประชารักษ์
►หนังสือทั่วไป
บนชั้น

BibComment


ยังไม่เคยถูกคอมเมนท์

คอมเมนท์ทรัพยากรรายการนี้
  คอมเมนท์: Research methodo..


 Copyright 2026. Bcnsprnw @Library